| 000 | 01061nam a2200313Ia 4500 | ||
|---|---|---|---|
| 001 | Para_837 | ||
| 003 | CHAP | ||
| 008 | 220125s2000 xx 000 0 und d | ||
| 010 | _a199533 | ||
| 040 | _cCHAP | ||
| 090 | _aPA FOLLETO 3460 | ||
| 100 |
_aCarrillo Ramírez, Humberto _919530 |
||
| 245 |
_aManual para el establecimiento de plantaciones comerciales con híbridos de cocotero / _c por Humberto Carrillo Ramírez, Matilde Cortazar Ríos y Jaime Piña Razo |
||
| 260 |
_aChetumal : _b INIFAP.Centro de Investigación Regional del Sureste |
||
| 300 | _a26 h. | ||
| 650 |
_aCoco _x enfermedades _924241 |
||
| 650 |
_aCoco _x plagas _924262 |
||
| 650 |
_aCoco _x rendimiento _924267 |
||
| 700 |
_aCortazar Ríos, Matilde _928322 |
||
| 700 |
_aPiña Razo, Jaime _988457 |
||
| 710 |
_aINIFAP. Centro de Investigación Regional del Sureste _9164750 |
||
| 901 | _aPA FOLLETO 3460 | ||
| 902 | _aA | ||
| 905 | _a0000002000 din 0000000000 00 | ||
| 910 | _a2000 | ||
| 942 | _cPARA | ||
| 942 |
_cPARA _d1 |
||
| 999 |
_c199533 _d199533 |
||